Archivo histórico del Reino de Galicia (Record no. 72049)

MARC details
000 -LEADER
campo de control de longitud fija 00645nam a2200181 i 4500
001 - NÚMERO DE CONTROL
campo de control 72049
003 - IDENTIFICADOR DE NÚMERO DE CONTROL
campo de control ES-MaACL
005 - FECHA Y HORA DE LA ÚLTIMA TRANSACCIÓN
campo de control 20251009181452.0
007 - CAMPO FIJO DE DESCRIPCIÓN FÍSICA--INFORMACIÓN GENERAL
campo de control de longitud fija t|
008 - DATOS DE LONGITUD FIJA--INFORMACIÓN GENERAL
campo de control de longitud fija 040825s1968 sp ||||1| spa d
100 1# - ENTRADA PRINCIPAL--NOMBRE DE PERSONA
Nombre de persona Gil Merino, Antonio.
9 (RLIN) 56844
245 10 - MENCIÓN DEL TÍTULO
Título Archivo histórico del Reino de Galicia
Resto del título : guía del investigador /
Mención de responsabilidad, etc. por Antonio Gil Merino ; prólogo, Antonio Matilla Tascón.
260 ## - PUBLICACIÓN, DISTRIBUCIÓN, ETC.
Lugar de publicación, distribución, etc. La Coruña :
Nombre del editor, distribuidor, etc. Dirección General de Archivos y Bibliotecas,
Fecha de publicación, distribución, etc. 1968.
300 ## - DESCRIPCIÓN FÍSICA
Extensión 130 p., 3 lám. ;
Dimensiones 22 cm.
700 1# - ENTRADA AGREGADA--NOMBRE PERSONAL
Nombre de persona Matilla Tascón, Antonio,
Fechas asociadas al nombre 1914-2001
9 (RLIN) 79079
852 ## - LOCALIZACIÓN
Ubicación ES-MaACL
Número de control de estantería C-46984
Sublocalización o colección R.66439
Holdings
Estatus retirado Estado de pérdida Estado de daño No para préstamo Biblioteca de origen Biblioteca actual Ubicación en estantería Fecha de adquisición Fuente de adquisición Total de préstamos Signatura topográfica completa Código de barras Visto por última vez Precio de reemplazo Tipo de ítem Koha
        Biblioteca del Ateneo de Madrid Biblioteca del Ateneo de Madrid Depósito 2 17/01/2008     C-46984 1075421 23/02/2023 23/02/2023 Libro impreso